Excess volatility and the asset-pricing exchange rate model with unobservable fundamentals
Na minha lista:
| Autor principal: | |
|---|---|
| Outros Autores: | |
| Formato: | Livro |
| Idioma: | inglês |
| Publicado em: |
Washington
IMF
1999
|
| Colecção: | IMF working paper
W/99/71 |
| Assuntos: | |
| Tags: |
Sem tags, seja o primeiro a adicionar uma tag!
|
MARC
| LEADER | 00000nam a2200000 4500 | ||
|---|---|---|---|
| 001 | c116214 | ||
| 005 | 20221221082303.1 | ||
| 041 | 0 | |a eng | |
| 044 | |a US | ||
| 245 | 1 | 0 | |a Excess volatility and the asset-pricing exchange rate model with unobservable fundamentals |c Prepared by Leonardo Bartolini, Lorenzo Giorgianni |
| 264 | 1 | |a Washington |b IMF |c 1999 | |
| 300 | |a 20 s. | ||
| 490 | 1 | |a IMF working paper |v W/99/71 | |
| 830 | 0 | |a IMF working paper |v W/99/71 | |
| 610 | 2 | 0 | |a aktíva |
| 610 | 2 | 0 | |a modely |
| 610 | 2 | 0 | |a modelovanie |
| 610 | 2 | 0 | |a kurz menový |
| 100 | 1 | |a Bartolini, Leonardo | |
| 700 | 1 | |a Giorgianni, Lorenzo | |